000 00307nam a22001097a 4500
008 230626b xxu||||| |||| 00| 0 eng d
082 _a337.1
_bEAC 2001
245 _aDialogue on the East African Private Sector Sector Development Strategy
260 _aArusha
_bEAC
_c2001
300 _aX,160p
942 _2ddc
_cBK
999 _c2762
_d2762